|
|
|
|
| LEADER |
00000cam a22000004a 4500 |
| 001 |
musev2_44947 |
| 003 |
MdBmJHUP |
| 005 |
20230905044713.0 |
| 006 |
m o d |
| 007 |
cr||||||||nn|n |
| 008 |
160309s2016 mdu o 00 0 eng d |
| 020 |
|
|
|a 9781421419046
|
| 020 |
|
|
|z 9781421419039
|
| 035 |
|
|
|a (OCoLC)944187444
|
| 040 |
|
|
|a MdBmJHUP
|c MdBmJHUP
|
| 100 |
1 |
|
|a Cayleff, Susan E.,
|d 1954-
|e author.
|
| 245 |
1 |
0 |
|a Nature's Path :
|b A History of Naturopathic Healing in America /
|c Susan E. Cayleff.
|
| 264 |
|
1 |
|a Baltimore, Maryland :
|b Johns Hopkins University Press,
|c 2016.
|
| 264 |
|
3 |
|a Baltimore, Md. :
|b Project MUSE,
|c 2016
|
| 264 |
|
4 |
|c ©2016.
|
| 300 |
|
|
|a 1 online resource (408 pages).
|
| 336 |
|
|
|a text
|b txt
|2 rdacontent
|
| 337 |
|
|
|a computer
|b c
|2 rdamedia
|
| 338 |
|
|
|a online resource
|b cr
|2 rdacarrier
|
| 505 |
0 |
|
|a Following nature's path and botanic healing -- Spokes of a wheel : the healings systems of naturopathy -- "Nature takes the right road" : naturopathic philosophy -- Louisa Stroebele Lust, Benedict Lust, and their yungborn sanatorium -- Women, naturopathy, and power -- Culture wars : ideology, social trends and competition for clients -- Medical monsters : vivisection and vaccination -- Legal battles : democracy or autocracy? -- Professionalizing and defining the nature cure -- Deepening divides, 1945-1969 -- The 1970s and beyond : cultural critique and holistic health.
|
| 520 |
|
|
|a "In Nature's Path- the first comprehensive book to examine the complex history and culture of American naturopathy- Susan E. Cayleff tells the fascinating story of the movement's nineteenth-century roots."--Jacket
|
| 588 |
|
|
|a Description based on print version record.
|
| 650 |
|
7 |
|a Alternative Medizin
|2 gnd
|
| 650 |
|
7 |
|a Naturheilkunde
|2 gnd
|
| 650 |
|
7 |
|a Naturopathy.
|2 fast
|0 (OCoLC)fst01034733
|
| 650 |
|
7 |
|a Holistic medicine.
|2 fast
|0 (OCoLC)fst00958777
|
| 650 |
|
7 |
|a MEDICAL
|x Pharmacology.
|2 bisacsh
|
| 650 |
|
6 |
|a Medecine
|x Histoire
|y 20e siecle.
|
| 650 |
|
6 |
|a Medecine holistique
|z États-Unis
|x Histoire
|y 20e siecle.
|
| 650 |
|
6 |
|a Naturopathie
|z États-Unis
|x Histoire
|y 20e siecle.
|
| 650 |
2 |
2 |
|a Holistic Health
|x history
|
| 650 |
2 |
2 |
|a History, 20th Century
|
| 650 |
1 |
2 |
|a Naturopathy
|x history
|
| 650 |
|
0 |
|a Holistic medicine
|z United States
|x History
|y 20th century.
|
| 650 |
|
0 |
|a Naturopathy
|z United States
|x History
|y 20th century.
|
| 651 |
|
7 |
|a United States.
|2 fast
|0 (OCoLC)fst01204155
|
| 651 |
|
2 |
|a United States
|
| 610 |
2 |
7 |
|a Umschulungswerkstätten für Siedler und Auswanderer
|g Bitterfeld
|2 gnd
|
| 655 |
|
7 |
|a History.
|2 fast
|0 (OCoLC)fst01411628
|
| 655 |
|
7 |
|a Electronic books.
|2 local
|
| 710 |
2 |
|
|a Project Muse.
|e distributor
|
| 830 |
|
0 |
|a Book collections on Project MUSE.
|
| 856 |
4 |
0 |
|z Texto completo
|u https://projectmuse.uam.elogim.com/book/44947/
|
| 945 |
|
|
|a Project MUSE - Custom Collection
|
| 945 |
|
|
|a Project MUSE - 2016 Complete
|
| 945 |
|
|
|a Project MUSE - 2016 History
|